| 000 | 01504nam1a22002771i 4500 | ||
|---|---|---|---|
| 001 | rc\4468760 | ||
| 005 | 20240724170154.0 | ||
| 035 | _a(NLR Aleph) 008328938 | ||
| 090 |
_a8804639 _c8804639 |
||
| 100 | _a20130416d1969 |||y0rusy50 ca | ||
| 101 | 0 | _arus | |
| 102 | _aRU | ||
| 105 | _a z ||||| | ||
| 200 | 1 |
_aТруды III Всесоюзной конференции по электрошлаковому переплаву _e[В 2 ч.] _fПод ред. лауреата Ленинской премии акад. Б.Е. Патона. Ч. 1-2 _gНауч. совет АН СССР по проблеме "Новые процессы получения и обработки метал. материалов". Ордена Ленина и ордена Труд. Красного Знамени Ин-т электросварки им. Е.О. Патона АН УССР |
|
| 210 |
_aКиев _cНаукова думка _d1969 |
||
| 215 |
_a2 т. _d22 |
||
| 300 | _aНа обл. загл.: Электрошлаковый переплав | ||
| 320 | _aБиблиогр. в конце работ | ||
| 333 | _aДля служебного пользования | ||
| 512 | 0 | _aЭлектрошлаковый переплав | |
| 702 | 1 |
_aПатон _bБ.Е. _4340 |
|
| 710 | 1 | 2 | _aВсесоюзная конференция по электрошлаковому переплаву (3; 1968; Москва) |
| 801 | 0 |
_aRU _bNLR _gpsbo |
|
| 801 | 1 |
_aRU _bELAR _2rusmarc |
|
| 852 |
_aNLR _j50К/19708 |
||
| 942 | _cBOOK | ||